Statistics for Most Expensive Football Transfers Ever

Click here to take the quiz!

General Stats

  • This quiz has been taken 83,646 times
    (5,825 since last reset)
  • The average score is 16 of 30

Answer Stats

Fee (€) Year Destination Player % Correct
100 m2018JuventusCristiano Ronaldo
98%
94 m2009Real MadridCristiano Ronaldo
98%
222 m2017Paris SGNeymar
96%
135 m2018Paris SGKylian Mbappé
81%
105 m2016Man. UnitedPaul Pogba
78%
120 m2019BarcelonaAntoine Griezmann
73%
100 m2013Real MadridGareth Bale
71%
82.3 m2014BarcelonaLuis Suárez
70%
84.5 m2018LiverpoolVirgil van Dijk
64%
105 m2017BarcelonaOusmane Dembélé
60%
85 m2017Man. UnitedRomelu Lukaku
59%
80 m2019Inter MilanRomelu Lukaku
59%
100 m2019Real MadridEden Hazard
59%
120 m2018BarcelonaPhilippe Coutinho
59%
126 m2019Atlético MadridJoão Félix
56%
77.5 m2001Real MadridZinedine Zidane
50%
87 m2019Man. UnitedHarry Maguire
48%
75 m2015Man. CityKevin De Bruyne
46%
69.5 m2009BarcelonaZlatan Ibrahimovic
46%
80 m2019ArsenalNicolas Pépé
46%
90 m2016JuventusGonzalo Higuain
43%
75 m2019BarcelonaFrenkie de Jong
40%
80 m2018ChelseaKepa Arrizabalaga
39%
75.6 m2014Man. UnitedAngel Di Maria
36%
75 m2019JuventusMatthijs de Ligt
35%
70 m2019Man. CityRodri
34%
76 m2014Real MadridJames Rodríguez
29%
67.8 m2018Man. CityRiyad Mahrez
27%
80 m2019Bayern MunichLucas Hernandez
25%
70 m2018Atlético MadridThomas Lemar
19%

Score Distribution

Percentile by Number Answered

Percent of People with Each Score

Your Score History

You have not taken this quiz since the last reset